ბათუმის შოთა რუსთაველის სახელმწიფო უნივერსიტეტის ბიბლიოთეკა

ნარკვევები ქართველ ებრაელთა ლიტერატურული და პუბლიცისტურ–ჟურნალისტური მოღვაწეობის ისტორიიდან.წ.2 (ბიბ.ჩანაწერი № 43251)

000 -LEADER
fixed length control field 01238nam a2200253Ia 4500
001 - CONTROL NUMBER
control field 9978
003 - CONTROL NUMBER IDENTIFIER
control field GE_BSU
008 - FIXED-LENGTH DATA ELEMENTS--GENERAL INFORMATION
fixed length control field 181216s||||||||xx |||||||||||||| ||und||
020 ## - INTERNATIONAL STANDARD BOOK NUMBER
International Standard Book Number 97899941009624
040 ## - CATALOGING SOURCE
Transcribing agency GE_BSU
080 ## - UNIVERSAL DECIMAL CLASSIFICATION NUMBER
Universal Decimal Classification number 821.411.16.092+821.353.1(092 ბათიაშვილი)
100 ## - MAIN ENTRY--PERSONAL NAME
Personal name ნიკოლეიშვილი,ავთანდილ
245 ## - TITLE STATEMENT
Title ნარკვევები ქართველ ებრაელთა ლიტერატურული და პუბლიცისტურ–ჟურნალისტური მოღვაწეობის ისტორიიდან.წ.2
245 ## - TITLE STATEMENT
Remainder of title ქართველ ებრაელთა ლიტერატურა.გურამ ბათიაშვილი
245 ## - TITLE STATEMENT
Statement of responsibility, etc. რედ.ვასილ კიკნაძე
260 ## - PUBLICATION, DISTRIBUTION, ETC.
Place of publication, distribution, etc. ქუთაისი
260 ## - PUBLICATION, DISTRIBUTION, ETC.
Name of publisher, distributor, etc. ქსუ
260 ## - PUBLICATION, DISTRIBUTION, ETC.
Date of publication, distribution, etc. 2008
300 ## - PHYSICAL DESCRIPTION
Extent 152გვ.20სმ.
653 ## - INDEX TERM--UNCONTROLLED
Uncontrolled term ქართველ ებრაელთა ლიტერატურა.გურამ ბათიაშვილი
653 ## - INDEX TERM--UNCONTROLLED
Uncontrolled term ქართველ ებრაელთა ლიტერატურა;
942 ## - ADDED ENTRY ELEMENTS (KOHA)
Koha item type წიგნი
ეგზემპლარები
Withdrawn status Lost status Damaged status Not for loan Date acquired Barcode Date last seen Price effective from Koha item type
        2018-12-17 33262 2018-12-17 2018-12-17 წიგნი
        2018-12-17 33263 2018-12-17 2018-12-17 წიგნი